000 00487nam a2200181Ia 4500
001 1907
005 20260306143803.0
008 260306t2012||||xx |||||||||||||| ||spa||
041 _aESP
082 _a158.1
_bK83
100 _aKrogerus, Mikael
_eAUT
245 0 _aEl pequeño libro de las grandes deciciones:
_bcincuenta modelos para el pensamiento estratégico
260 _c2012
300 _a172 páginas :
_c18 cm.
650 _aGEN
654 _aCPS
942 _cLIB
_dJUS
_fJUS
_2ddc
_n
999 _c1907
_d1907